000 00286nam a22001217a 4500
082 _a620.0042 HAN'W
100 _aHOLT, J.M,WILSON, F.W
_957089
245 _aHANDBOOK OF FIXTURE DESIGN
250 _a1ST
260 _aNEWYORK
_bMCGRAW HILL
_c1962
300 _aXIII, 15-22
942 _cBK
999 _c567392
_d567392